MyGZULibrary

Sears and Zemansky's University Physics with Modern Physics Technology Update : (Record no. 5255)

MARC details
000 -LEADER
fixed length control field 00553nam a22001817a 4500
003 - CONTROL NUMBER IDENTIFIER
control field GZU
005 - DATE AND TIME OF LATEST TRANSACTION
control field 20210330143446.0
008 - FIXED-LENGTH DATA ELEMENTS--GENERAL INFORMATION
fixed length control field 210330b ||||| |||| 00| 0 eng d
020 ## - INTERNATIONAL STANDARD BOOK NUMBER
International Standard Book Number 9781292020631
040 ## - CATALOGING SOURCE
Transcribing agency 11
050 ## - LIBRARY OF CONGRESS CALL NUMBER
Classification number 21.3
Item number YOU
245 ## - TITLE STATEMENT
Title Sears and Zemansky's University Physics with Modern Physics Technology Update :
Statement of responsibility, etc. Hugh D. Young and Roger A. Freeman
260 ## - PUBLICATION, DISTRIBUTION, ETC.
Place of publication, distribution, etc. United States of America
Name of publisher, distributor, etc. Pearson
Date of publication, distribution, etc. 2014
300 ## - PHYSICAL DESCRIPTION
Extent 1726p.
Other physical details ill. (col.)
500 ## - GENERAL NOTE
General note Includes index
600 ## - SUBJECT ADDED ENTRY--PERSONAL NAME
Source of heading or term Physics
942 ## - ADDED ENTRY ELEMENTS (KOHA)
Source of classification or shelving scheme Library of Congress Classification
Koha item type Books
Edition 13th ed
Classification part 21.3
Item part YOU
Call number prefix QC

No items available.